• AIU
  • Tony Wilmot Memorial Library

The critical journey : (Record no. 60629)

MARC details
000 -LEADER
fixed length control field 00850cam a2200253 a 4500
001 - CONTROL NUMBER
control field 4818813
003 - CONTROL NUMBER IDENTIFIER
control field OSt
005 - DATE AND TIME OF LATEST TRANSACTION
control field 20141027103044.0
008 - FIXED-LENGTH DATA ELEMENTS--GENERAL INFORMATION
fixed length control field 890612s1989 txu 000 0 eng
010 ## - LIBRARY OF CONGRESS CONTROL NUMBER
LC control number 89035542
020 ## - INTERNATIONAL STANDARD BOOK NUMBER
International Standard Book Number 0849931835 :
Terms of availability $9.99
040 ## - CATALOGING SOURCE
Original cataloging agency DLC
Transcribing agency DLC
Modifying agency DLC
050 00 - LIBRARY OF CONGRESS CALL NUMBER
Classification number BV4501.2
Item number .H248 1989
082 00 - DEWEY DECIMAL CLASSIFICATION NUMBER
Classification number 248.4
Edition number 20
100 1# - MAIN ENTRY--PERSONAL NAME
Personal name Hagberg, Janet.
9 (RLIN) 32945
245 14 - TITLE STATEMENT
Title The critical journey :
Remainder of title stages in the life of faith /
Statement of responsibility, etc Janet O. Hagberg, Robert A. Guelich.
260 ## - PUBLICATION, DISTRIBUTION, ETC. (IMPRINT)
Place of publication, distribution, etc Dallas :
Name of publisher, distributor, etc Word Pub.,
Date of publication, distribution, etc c1989.
300 ## - PHYSICAL DESCRIPTION
Extent xvii, 162 p. ;
Dimensions 22 cm.
650 #0 - SUBJECT ADDED ENTRY--TOPICAL TERM
Topical term or geographic name as entry element Spiritual life
General subdivision Christianity.
9 (RLIN) 32946
700 1# - ADDED ENTRY--PERSONAL NAME
Personal name Guelich, Robert A.
9 (RLIN) 32947
906 ## - LOCAL DATA ELEMENT F, LDF (RLIN)
a 7
b cbc
c orignew
d 1
e ocip
f 19
g y-gencatlg
942 ## - ADDED ENTRY ELEMENTS (KOHA)
Source of classification or shelving scheme Library of Congress Classification
Koha item type Books
Holdings
Withdrawn status Lost status Source of classification or shelving scheme Damaged status Not for loan Collection code Home library Current library Shelving location Date acquired Source of acquisition Cost, normal purchase price Total Checkouts Total Renewals Full call number Barcode Date last seen Date checked out Copy number Price effective from Koha item type
    Library of Congress Classification     General Circulation AIU/NEGST - Tony Wilmot Memorial Library AIU/NEGST - Tony Wilmot Memorial Library General Stacks 10/27/2014 Donation-TBN 7.00 2 2 BV 4501.2.H248 1989 R31105A3232 07/18/2023 06/17/2023 1 10/27/2014 Books